000
00330nam a2200145Ia 4500
008
191201s2011 xx 000 0 und d
082
_a
658.83
_b
JAB
100
_a
JAIN,T.R
245
0
_a
Business Statistics
250
_a
1st
260
_a
N.Delhi
_b
V K Enterprises
_c
2011
300
_a
Misc
650
_a
BBA
942
_2
ddc
_c
BK
_0
4
999
_c
4851
_d
4851